Wszystkie Pętle Autobusowe Wrocław - Statystyki

Ogólne statystyki
  • Ten quiz został rozwiązany 24 razy
  • Średni wynik to 5 z 17
Statystyki odpowiedzi
Odpowiedź % Poprawnych
Kromera
56%
Krzyki
56%
Zakrzów
44%
Kminkowa
31%
Kozanów
31%
Pracze Odrzańskie
31%
Ratyń
31%
Wojnów
31%
Giełdowa
25%
Pawłowice
25%
Pilczyce
25%
Racławicka
25%
Zwycięska
25%
Bartoszowice
19%
Janówek
19%
Kozia
13%
Zawalna
6%
Nie znaleziono quizów pasujących do podanych kryteriów
Rozkład punktacji
Procent ludzi z każdym wynikiem
Percentyl według liczby udzielonych odpowiedzi
Twoja historia wyników
Nie rozwiązałeś tego quizu